| 000 | 00349nam a22001097a 4500 | ||
|---|---|---|---|
| 082 | _aPRO 220 | ||
| 100 |
_aOzaal Zesha Zara Arshad M. Kashif Mohsin Ali A.P. Nida Aziz L.E. Adnan Shujah _970738 |
||
| 245 | _aPR-SOF-1502-ENERGY EFFICIENT SMART CLASSROOM | ||
| 260 |
_aISLAMABAD _bNUST COLLEGE OF EME _c2016 |
||
| 650 |
_a DE-MTS-34 _970739 |
||
| 942 | _cCR | ||
| 999 |
_c577638 _d577638 |
||